00341nam a2200133Ia 4500008004100000041000800041082001200049100002400061245003100085250001500116260003300131300003200164365001100196240624s9999 xx 000 0 und d aeng a658 SCH aSCHERMERHORN JOHN R aINTRODUCTION TO MANAGEMENT a(10th ed.) c2011aNew DelhibWiley India axxiv, : 519 : p. : cm. ; 23 cRSb31